Music Quiz

Random Music or Lyrics Quiz

Fast Facts: Music (True or False) Quiz Stats

 Plays Quiz Updated Oct 3, 2018

Score 0/15 Timer 01:00
3 Plays Today
Question Answer Wrong Answers
Michael Jackson was nicknamed 'The King of Pop'. ???
96.8%
???
3.2%
The Beatles were Paul, George, James, and Ringo. ???
85.3%
???
12.2%
Eminem's name comes from the name of a candy. ???
82.3%
???
15.7%
'Good Vibrations' by The Beach Boys was written for the movie '50 First Dates'. ???
81.7%
???
12.6%
Billy Joel's full name is William Martin Joel. ???
78.1%
???
17.3%
'Bad Liar' by Selena Gomez uses the bassline from Talking Heads' 'Psycho Killer.' ???
70.6%
???
21%
The singer Nena dislikes the English version of '99 Luftballons.' ???
64.6%
???
12.1%
Both Stevie Wonder and Ray Charles were born blind. ???
62.7%
???
33.7%
The band 'Maroon 5' released their first album under the name 'Kara's Flowers.' ???
61.6%
???
31.6%
Elvis Presley bought his first guitar at age 11. ???
60.8%
???
29.2%
Beyoncé is allergic to perfume. ???
53.8%
???
34.3%
The lyrics 'goodbye yellow brick road' were never said in Elton John's 'Goodbye Yellow Brick Road.' ???
53.3%
???
29.6%
'American Pie' by Don McLean is longer than Meat Loaf's 'Paradise by the Dashboard Light.' ???
28%
???
12.5%
Discovered notes of Beethoven prove he wrote up to 11 symphonies, contrary to the popular 9 he is known for. ???
17.7%
???
49.5%
The final lyrics of 'We Are The Champions' are: '...of the world.' ???
17.6%
???
37%

You're not logged in!

Compare scores with friends on all Sporcle quizzes.
OR
Log In

Sporcle TV

Today on Sporcle TV


Watch our educational content, quiz creation guides, and fun videos on Sporcle TV.

Show Comments

Extras

Top Quizzes Today


Score Distribution

Your Account Isn't Verified!

In order to create a playlist on Sporcle, you need to verify the email address you used during registration. Go to your Sporcle Settings to finish the process.

Report this User

Report this user for behavior that violates our Community Guidelines.

Details: